Germany Immigration by Country - Statistics

General Stats
  • This quiz has been taken 79,995 times
    32,593 since last reset
  • The average score is 16 of 21
Answer Stats
# People Country % Correct
140,400 France
93%
887,715 Poland
93%
308,015 Russia
91%
1,548,095 Turkey
91%
644,035 Italy
87%
199,005 Spain
85%
184,330 Austria
84%
1,239,705 Ukraine
83%
155,955 China
81%
972,460 Syria
81%
246,125 India
78%
149,770 Netherlands
76%
359,045 Greece
74%
281,340 Iraq
73%
909,795 Romania
73%
270,750 Serbia
70%
436,860 Bulgaria
66%
220,345 Hungary
65%
434,045 Croatia
64%
419,410 Afghanistan
57%
299,685 Kosovo
35%
No matching quizzes found
Score Distribution
Percent of People with Each Score
Percentile by Number Answered
Your Score History
You have not taken this quiz since the last reset